00689nam a2200205Ia 450000500170000000800410001702000180005804000180007604100080009408200260010224500900012825000120021826000500023030000250028065000470030565000420035265000430039470000220043770000240045920250120154655.0210716s2012 xx 000 0 und d a9788184871333 cAIMIT LIBRARY aeng a001.0725116 21bBASK aComputational optimization and applications /cEdited by Kajla Basu and Samarjit Kar. a1st ed. aNew Delhi :bNarosa Publishing House ,c2012. a150p. ;bHBc25.8 cm aUnconstrained and constrained optimization aAnt colony optimization : an overview aStochastic optimization : a conspectus aBasu, Kajla., ed. aKar, Samarjit., ed.